Poletí dvakrát denne Otvorili pravidelnú leteckú linku Bratislava - Košice a späť

Bibliographic Details
Main Author: Sambor, Miroslav (Author)
Corporate Author: Slovenské aerolínie (Author)
Format: Article
Language:Slovak
Subjects:

MARC

LEADER 00000nab a2200000 a 4500
001 vtls000902658
003 SK-MaSNL
005 20260303224455.0
008 040720e19980811xo 0 slo
035 |a KE11631 
040 |a KEVKJB  |b slo  |c KEVKJB  |e AACR2 
041 0 |a slo 
044 |a xo  |c SK 
080 |a 656.7  |2 1981 
100 1 |a Sambor, Miroslav  |4 aut  |9 872736 
245 1 0 |a Poletí dvakrát denne  |b Otvorili pravidelnú leteckú linku Bratislava - Košice a späť 
610 2 7 |a Slovenské aerolínie  |2 KEVKJB  |9 1260245 
650 0 7 |a letecká doprava  |2 KEVKJB  |9 50044 
650 0 7 |a linka Košice  |2 KEVKJB  |9 1260261 
650 0 7 |a linka Bratislava  |2 KEVKJB  |9 885774 
650 0 7 |a otvorenie  |2 KEVKJB  |9 765696 
650 0 7 |a informácie  |2 KEVKJB  |9 1285 
651 7 |a Košice (Slovensko)  |2 KEVKJB  |9 18694 
651 7 |a KE,  |2 KEVKJB  |9 877256 
655 7 |a periodikum  |2 snkbucl  |9 29553 
710 2 |a Slovenské aerolínie  |4 aut  |9 1260245 
773 0 8 |t Košický večer  |g Roč. 9  |g Roč. 30, č.153, 11.8.1998, s. 1 
852 |a ZVYKNI  |b KIS3GCP 
999 |c 2252467  |d 2254397